Analýza efektívnosti projektov na podporu podnikania malých a stredných podnikov v SR diplomová práca

Gespeichert in:
Bibliographische Detailangaben
1. Verfasser: Žideková, Alžbeta
Körperschaft: Fakulta podnikového manažmentu EU. Katedra podnikovohospodárska
Weitere Verfasser: Uhliar, Miroslav, 1981-
Format: Buch
Sprache:Slowakisch
Veröffentlicht: Bratislava 2018
Tags: Tag hinzufügen
Keine Tags, Fügen Sie das erste Tag hinzu!

MARC

LEADER 00000nbm a2200000 4500
001 0244927
005 20181004112302.5
041 0 |a slo 
044 |a SK 
245 1 0 |a Analýza efektívnosti projektov na podporu podnikania malých a stredných podnikov v SR  |b diplomová práca  |c Alžbeta Žideková ; školiteľ: Miroslav Uhliar 
264 1 |a Bratislava  |c 2018 
300 |a 62 s. 
100 1 |a Žideková, Alžbeta 
700 1 |a Uhliar, Miroslav, 1981- 
710 2 |a Fakulta podnikového manažmentu EU. Katedra podnikovohospodárska